| 000 | 01941cam a22004935i 4500 | ||
|---|---|---|---|
| 999 |
_c27965 _d27936 |
||
| 001 | 14311247 | ||
| 003 | EG-ScBUE | ||
| 005 | 20200127115218.0 | ||
| 008 | 060322s2007 cc a f 000 0 chi d | ||
| 020 | _a7508502256 | ||
| 020 | _a9787508502250 | ||
| 035 | _a(CStRLIN)DCLP06-B3735 | ||
| 040 |
_aGZM _beng _erda _cGZM _dCLU _dDLC-R _dDLC _dEG-ScBUE |
||
| 043 | _aa-cc--- | ||
| 082 | 0 | 4 |
_a915.100222 _bWOR _222 |
| 245 | 0 | 0 |
_a中國的世界遗产 = _bZhongguo de shi jie yi chan = World heritage sites in China / _c[edited by Changjian Guo, Jianzhi Song, Lingyu Feng, China. Guo wu yuan. Xin wen ban gong shi]. |
| 246 | 3 | 1 | _aZhongguo de shi jie yi chan |
| 246 | 3 | 1 | _aWorld heritage sites in China |
| 250 |
_a第3版 = _bThird edition. |
||
| 264 | 1 |
_aBeijing : _bChina Intercontinental Press, _c2007. |
|
| 300 |
_a251 pages : _billustrations (chiefly color) ; _c31 cm |
||
| 336 |
_atext _btxt _2rdacontent |
||
| 337 |
_aunmediated _bn _2rdamedia |
||
| 338 |
_avolume _bnc _2rdacarrier |
||
| 500 | _aFirst edition 2003. | ||
| 546 | _aForeword also in English. | ||
| 650 | 7 |
_aCultural property _zChina. _2BUEsh |
|
| 650 | 7 |
_aCultural property _zChina _vPictorial works. _2BUEsh |
|
| 650 | 7 |
_aHistoric sites _zChina. _2BUEsh |
|
| 650 | 7 |
_aHistoric sites _zChina _vPictorial works. _2BUEsh |
|
| 650 | 7 |
_aNatural areas _zChina. _2BUEsh |
|
| 650 | 7 |
_aNatural areas _zChina _vPictorial works. _2BUEsh |
|
| 650 | 7 |
_aWorld Heritage areas _zChina. _2BUEsh |
|
| 650 | 7 |
_aWorld Heritage areas _zChina _vPictorial works. _2BUEsh |
|
| 651 | 7 |
_aChina _xDescription and travel. _2BUEsh |
|
| 651 | 7 |
_aChina _xDescription and travel _vPictorial works. _2BUEsh |
|
| 653 |
_bHHUUCCHH _cJanuary2020 |
||
| 700 | 1 |
_aSong, Jianzhi, _eeditor. |
|
| 700 | 1 |
_aGuo, Changjian, _eeditor. |
|
| 700 | 1 |
_aFeng, Lingyu, _eeditor. |
|
| 710 | 1 |
_aChina. _bGuo wu yuan. _bXin wen ban gong shi, _eeditor. |
|
| 942 |
_2ddc _cBB |
||